Conocimiento, verdad y belleza

Zapisane w:
Opis bibliograficzny
1. autor: Bonilla, Abelardo
Format: Książka
Język:Undetermined
Wydane: San Salvador, El Salvador Ministerio de Cultura 1957
Hasła przedmiotowe:
Etykiety: Dodaj etykietę
Nie ma etykietki, Dołącz pierwszą etykiete!

MARC

LEADER 00000nam a2200000Ia 4500
008 170316s9999 xx 000 0 und d
090 |a 100 B-50c 
100 |a Bonilla, Abelardo 
245 |a Conocimiento, verdad y belleza 
260 |a San Salvador, El Salvador 
260 |b Ministerio de Cultura 
260 |c 1957 
300 |a 71 páginas 
650 |a FILOSOFÍA 
650 |a EPISTEMOLOGÍA 
040 |a cru BVZT 
942 0 0 |0 1 
999 |c 15752  |d 15752